000
00328pab a2200133 454500
008
180718b xxu||||| |||| 00| 0 eng d
100
_a
Oommen M.A.
245
_a
Budget: little for the poor
362
_a
5 Apr 1994, p.11
650
_a
Budget -- India
650
_a
Finance -- India
773
_a
Hindustan Times
909
_a
26752
999
_c
26752
_d
26752